000 00537nam a22001697a 4500
003 OSt
005 20241111114900.0
008 241111b |||||||| |||| 00| 0 eng d
020 _a9780406913159
040 _cCentral University Library
245 _aThe All England Law Reports 2000 Vol. 2
_cEdited by Rose Craig , Barrister: Vandridge-Ames Caroline LLM- Editor-in-Chief
260 _aLondon
_bButterworths
_c2000
300 _axviii, 1024 pages
_c23.5 cm
490 _3Law Reports
650 _2Law Reports
_xEngland
942 _2lcc
_cBK
_n0
999 _c994
_d994